<?xml version="1.0" encoding="UTF-8"?><?xml-stylesheet type="text/xsl" href="static/style.xsl"?><OAI-PMH xmlns="http://www.openarchives.org/OAI/2.0/" xmlns:xsi="http://www.w3.org/2001/XMLSchema-instance" xsi:schemaLocation="http://www.openarchives.org/OAI/2.0/ http://www.openarchives.org/OAI/2.0/OAI-PMH.xsd"><responseDate>2026-06-07T11:29:12Z</responseDate><request verb="GetRecord" identifier="oai:docta.ucm.es:20.500.14352/62126" metadataPrefix="marc">https://docta.ucm.es/rest/oai/request</request><GetRecord><record><header><identifier>oai:docta.ucm.es:20.500.14352/62126</identifier><datestamp>2023-09-15T00:12:10Z</datestamp><setSpec>com_20.500.14352_14</setSpec><setSpec>col_20.500.14352_22</setSpec></header><metadata><record xmlns="http://www.loc.gov/MARC21/slim" xmlns:dcterms="http://purl.org/dc/terms/" xmlns:xsi="http://www.w3.org/2001/XMLSchema-instance" xmlns:doc="http://www.lyncode.com/xoai" xsi:schemaLocation="http://www.loc.gov/MARC21/slim http://www.loc.gov/standards/marcxml/schema/MARC21slim.xsd">
   <leader>00925njm 22002777a 4500</leader>
   <datafield ind2=" " ind1=" " tag="042">
      <subfield code="a">dc</subfield>
   </datafield>
   <datafield ind2=" " ind1=" " tag="720">
      <subfield code="a">Pulido Ortega, Federico</subfield>
      <subfield code="e">author</subfield>
   </datafield>
   <datafield ind2=" " ind1=" " tag="260">
      <subfield code="c">2002</subfield>
   </datafield>
   <datafield ind2=" " ind1=" " tag="520">
      <subfield code="a">Objetivos: definir la tasa de recidiva de tuberculosis y los factores predictores de recidiva; conocer la supervivencia y sus factores pronósticos en estos pacientes; precisar la tasa de abandono del tratamiento antituberculoso y describir las características clínicas de la tuberculosis en pacientes vih +. Métodos: se estudia la evolución de los 276 pacientes vih + con tuberculosis diagnosticados en 2 hospitales de madrid entre 1986 y 1992. Se utilizan como controles 98 tuberculosos vih -. El análisis de factores predictores de recidiva y supervivecia se realiza utilizando los modelos de regresión de cox. Resultados: la incidencia de recidiva de tuberculosis tras 9 meses de tratamiento es de 1,7 x 100 pts-año. El principal factor de riesgo de recidiva es el tiempo de tratamiento menor de 9 meses (rr 10,9). La mediana de supervivencia tras la tuberculosis es de 31 meses. Los factores asociados de forma independiente con un mejor pronóstico son los cd4 mayores de 200/mm3 y la hemoglobina mayor de 13 gdl. El 16% de los pacientes que inician tratamiento lo abandonan antes del 6 mes; el antecedente de consumo de drogas es el único factor asociado a mayor riesgo de abandono (or 12,2). En el 88% de los casos, la tuberculosis fue la 1 enfermedad diagnostica de sida; la localización mas frecuente es la pulmonar, aunque era diseminada en mas del 50%. La respuesta al tratamiento es buena</subfield>
   </datafield>
   <datafield ind1="8" ind2=" " tag="024">
      <subfield code="a">978-84-8466-711-7</subfield>
   </datafield>
   <datafield ind1="8" ind2=" " tag="024">
      <subfield code="a">https://hdl.handle.net/20.500.14352/62126</subfield>
   </datafield>
   <datafield ind2="0" ind1="0" tag="245">
      <subfield code="a">Tuberculosis en pacientes infectados por el VIH : Aspectos clínicos, terapéuticos y pronósticos</subfield>
   </datafield>
</record></metadata></record></GetRecord></OAI-PMH>